00321nam a2200121Ia 4500008004100000041000800041082001200049100001900061245004500080260003500125300003200160365000700192240624s9999 xx 000 0 und d aeng a823 BAN aBANKER ASHOK K aPRINCE OF AYODHYA BOOK ONE OF THE RAMAYA c2005aNew DelhibPenguin Books axxvi, : 517 : p. : cm. ; 18 cRS